Logo Quiz Level 9 - Statistics

General Stats
  • This quiz has been taken 39 times
  • The average score is 9 of 16
Answer Stats
Picture Answer % Correct
Google Play
85%
Breaking Bad
78%
Ubisoft
78%
Amazon Prime
74%
Formula 1
74%
Steam
74%
PGA
70%
Milwaukee Bucks
67%
PBS
63%
BNP Paribas
48%
Picasa
44%
Idea Bank
37%
21 Pilots
33%
Antena 1
30%
CHL
30%
ICQ
30%
No matching quizzes found
Score Distribution
Percent of People with Each Score
Percentile by Number Answered
Your Score History
You have not taken this quiz